[Event "36th Reykjavik op"]
[Site "Reykjavik ISL"]
[Date "2023.03.30"]
[Round "3.7"]
[White "Ladopoulos, Dimitrios"]
[Black "Cornette, Matthieu"]
[WhiteElo "2391"]
[BlackElo "2563"]
[Result "0-1"]
[EventDate "2023.03.29"]
[PlyCount "56"]

1. d4 Nf6 2. Nf3 d5 3. c4 e6 4. g3 Be7 5. Bg2 O-O 6. O-O c6 7. Qc2 b6 8. Nbd2 c5
9. cxd5 exd5 10. e4 Nc6 11. a3 Ba6 12. Rd1 Be2 13. Re1 Bxf3 14. Nxf3 dxe4 15. Ng5
Nxd4 16. Qd1 Qd7 17. Be3 Rad8 18. Bxd4 cxd4 19. Nxe4 d3 20. Qd2 Ng4 21. Rad1 f5 22.
Nc3 Bc5 23. Rf1 f4 24. b4 fxg3 25. Bd5+ Kh8 26. bxc5 gxf2+ 27. Kg2 Qc7 28. Rh1 Qxc5
 0-1

[Event "36th Reykjavik op"]
[Site "Reykjavik ISL"]
[Date "2023.03.30"]
[Round "3.8"]
[White "Karacsonyi, Gellert"]
[Black "Pranav, V"]
[WhiteElo "2385"]
[BlackElo "2545"]
[Result "0-1"]
[EventDate "2023.03.29"]
[PlyCount "158"]

1. e4 c5 2. Nc3 a6 3. g3 b5 4. Bg2 Bb7 5. Nge2 e6 6. O-O Qc7 7. d4 b4 8. Nb1 cxd4
9. Nxd4 Nc6 10. c4 Nf6 11. Nxc6 Bxc6 12. Qe2 h5 13. Bf4 Qb7 14. Nd2 h4 15. Bf3 Be7
16. e5 Bxf3 17. Qxf3 Qxf3 18. Nxf3 Ne4 19. Rfe1 Nc5 20. Rad1 b3 21. axb3 Nxb3 22.
Nd4 Na5 23. b3 Bc5 24. Bd2 Nxc4 25. bxc4 Bxd4 26. Bb4 Ba7 27. Ra1 Bb8 28. Ra2 h3
29. Bc5 Rh5 30. Bd4 Bc7 31. g4 Rg5 32. f3 a5 33. Kf2 Rg6 34. Kg3 f5 35. Bc3 fxg4
36. fxg4 Rh6 37. Kf4 Bd8 38. Ra4 Rh8 39. Bb4 Rb8 40. Ba3 Rb3 41. Ke4 Rh4 42. Rg1
Bb6 43. c5 Rxa3 44. Rxa3 Bxc5 45. Raa1 Bxg1 46. Rxg1 Ke7 47. Kf4 Rh8 48. Rg3 a4 49.
Kg5 Ra8 50. Ra3 Kf7 51. Rf3+ Ke7 52. Ra3 Ra5 53. Kg6 Rxe5 54. Rxh3 Re2 55. Ra3 Rxh2
56. Kxg7 Rg2 57. Rxa4 e5 58. Kg6 Ke6 59. g5 d6 60. Ra8 e4 61. Re8+ Kd5 62. Kf5 Rf2
63. Kg4 Kd4 64. g6 d5 65. Re7 Rg2 66. Kf5 e3 67. g7 Kd3 68. Kf4 e2 69. Re3+ Kd2 70.
Kf3 Rg3+ 71. Kxg3 Kxe3 72. g8=Q e1=Q 73. Kg2 Qf2+ 74. Kh1 Qf3+ 75. Kh2 d4 76. Kg1
Qf2+ 77. Kh1 Qf1+ 78. Kh2 Qf5 79. Qe8+ Kf2  0-1

[Event "36th Reykjavik op"]
[Site "Reykjavik ISL"]
[Date "2023.03.30"]
[Round "3.9"]
[White "Visakh, N. R."]
[Black "Olson, Hamish"]
[WhiteElo "2538"]
[BlackElo "2309"]
[Result "1/2-1/2"]
[EventDate "2023.03.29"]
[PlyCount "133"]

1. d4 d5 2. c4 e6 3. Nf3 Nf6 4. Nc3 Nbd7 5. cxd5 exd5 6. Bg5 h6 7. Bh4 Be7 8. e3
c6 9. Qc2 O-O 10. Bd3 Re8 11. O-O Ne4 12. Bxe7 Qxe7 13. Rab1 Ndf6 14. Ne5 Bf5 15.
Rfe1 Nxc3 16. bxc3 Bxd3 17. Nxd3 Ne4 18. c4 dxc4 19. Ne5 Nd6 20. Nxc4 Nxc4 21. Qxc4
Rac8 22. Rec1 b6 23. Qa6 c5 24. Rc2 Rc6 25. Rbc1 Rd8 26. dxc5 Rxc5 27. Rxc5 bxc5
28. h3 h5 29. Qc6 g6 30. Rxc5 Rd2 31. a4 Qh4 32. Qe8+ Kg7 33. Qe5+ Kh7 34. Qf4 Qxf4
35. exf4 Rd1+ 36. Kh2 Rd4 37. Ra5 Rxf4 38. Kg3 Rb4 39. h4 Rb7 40. Ra6 Kg7 41. f3
Re7 42. Kh3 Rb7 43. a5 f6 44. Rc6 g5 45. a6 Rd7 46. Kg3 Re7 47. Kh2 Rd7 48. Kh3 Re7
49. g4 hxg4+ 50. Kxg4 gxh4 51. Kxh4 Kg6 52. Kg4 Re5 53. Rc7 Rg5+ 54. Kf4 Ra5 55.
Rxa7 Ra4+ 56. Ke3 Kf5 57. Ra8 Ke5 58. Kd3 Kf4 59. Kc3 Kxf3 60. Kb3 Ra1 61. Kc4 f5
62. Kb5 f4 63. Rf8 Rb1+ 64. Kc6 Ra1 65. Kb7 Rb1+ 66. Kc7 Rc1+ 67. Kb7  1/2-1/2

[Event "36th Reykjavik op"]
[Site "Reykjavik ISL"]
[Date "2023.03.30"]
[Round "3.10"]
[White "Kushko, Dmitriy"]
[Black "Mons, Leon"]
[WhiteElo "2379"]
[BlackElo "2514"]
[Result "0-1"]
[EventDate "2023.03.29"]
[PlyCount "90"]

1. Nf3 d5 2. g3 b6 3. Bg2 Bb7 4. O-O e6 5. c4 dxc4 6. Qa4+ Nd7 7. Qxc4 Ngf6 8. Nc3
c5 9. e4 Be7 10. Qe2 e5 11. d3 O-O 12. Nh4 g6 13. f4 exf4 14. Bxf4 Nh5 15. Bh6 Bxh4
16. gxh4 Qxh4 17. Bxf8 Rxf8 18. Qf2 Qg5 19. Rad1 f5 20. h4 Qg4 21. Qe2 Qxh4 22. exf5
Bxg2 23. Qxg2 Nf4 24. Rxf4 Qxf4 25. fxg6 Ne5 26. gxh7+ Kh8 27. Kh1 Nf3 28. Qh3 Ng5
29. Qh2 Qf5 30. Rg1 Rf7 31. Qb8+ Kxh7 32. Qg3 Nf3 33. Rf1 Qh5+ 34. Kg2 Nh4+ 35. Qxh4
Qxh4 36. Rxf7+ Kg6 37. Rf3 Qe1 38. Nd5 Qd2+ 39. Kh3 Qh6+ 40. Kg2 Qd2+ 41. Kh3 Qxb2
42. a4 Qh8+ 43. Kg2 Qa1 44. Ne7+ Kg5 45. Rf5+ Kg4  0-1

[Event "36th Reykjavik op"]
[Site "Reykjavik ISL"]
[Date "2023.03.30"]
[Round "3.11"]
[White "Ioannidis, Evgenios"]
[Black "Nielsen, Andre"]
[WhiteElo "2473"]
[BlackElo "2201"]
[Result "1-0"]
[EventDate "2023.03.29"]
[PlyCount "83"]

1. d4 d5 2. c4 e6 3. Nc3 c5 4. cxd5 cxd4 5. Qxd4 Nc6 6. Qd1 exd5 7. Qxd5 Bd7 8. Bg5
Qb6 9. Qd2 Be6 10. e4 Rc8 11. Nf3 Bb4 12. Bd3 Nge7 13. a3 Bxc3 14. Qxc3 O-O 15. O-O
Ng6 16. Be3 Qd8 17. Be2 Nce5 18. Qb4 a5 19. Qxb7 Rb8 20. Qa7 Rxb2 21. Rfd1 Qa8 22.
Qxa8 Rxa8 23. Rd2 Nxf3+ 24. gxf3 Rab8 25. Rad1 Kf8 26. a4 Rxd2 27. Rxd2 Rb1+ 28.
Kg2 f5 29. Rd6 Kf7 30. Rxe6 Nh4+ 31. Kh3 Kxe6 32. Kxh4 Rb4 33. Bb5 fxe4 34. fxe4
Rxe4+ 35. Kg3 Kd5 36. Bd2 h5 37. Bxa5 g5 38. Bd2 Rd4 39. Be3 Rb4 40. Be8 Rg4+ 41.
Kf3 Rh4 42. a5  1-0

[Event "36th Reykjavik op"]
[Site "Reykjavik ISL"]
[Date "2023.03.30"]
[Round "3.12"]
[White "Sidhant, Mohapatra"]
[Black "Korley, Kassa"]
[WhiteElo "2376"]
[BlackElo "2468"]
[Result "1-0"]
[EventDate "2023.03.29"]
[PlyCount "67"]

1. e4 e6 2. d4 d5 3. Nc3 dxe4 4. Nxe4 Nd7 5. Bd3 Ngf6 6. Nf3 Nxe4 7. Bxe4 Nf6 8.
Bg5 Be7 9. Bxf6 Bxf6 10. c3 Qe7 11. Qe2 O-O 12. h4 c5 13. Qb5 Rd8 14. Qxc5 Qxc5 15.
dxc5 a5 16. Rd1 Rxd1+ 17. Kxd1 Be7 18. c6 bxc6 19. Bxc6 Ra6 20. Bb5 Rb6 21. a4 Bb7
22. Ke2 f5 23. h5 Bd6 24. Rd1 Kf7 25. Nd2 Bd5 26. c4 Bxg2 27. f3 f4 28. Ne4 Be7 29.
Rd7 Kf8 30. c5 Rb8 31. c6 Bh3 32. c7 Ra8 33. Ba6 e5 34. c8=Q+  1-0

[Event "36th Reykjavik op"]
[Site "Reykjavik ISL"]
[Date "2023.03.30"]
[Round "3.13"]
[White "Grandelius, Nils"]
[Black "Laddha, Shubh Jayesh"]
[WhiteElo "2658"]
[BlackElo "2422"]
[Result "1/2-1/2"]
[EventDate "2023.03.29"]
[PlyCount "81"]

1. Nf3 d5 2. g3 Nd7 3. d4 Nb6 4. Nc3 Bf5 5. Nh4 e6 6. Nxf5 exf5 7. Qd3 g6 8. Bg2
Bg7 9. b3 Ne7 10. O-O O-O 11. Ba3 Re8 12. e3 c6 13. Ne2 Nd7 14. c4 Nf6 15. Rfc1 Ne4
16. Rc2 Qa5 17. Bxe7 Rxe7 18. Rb1 Qa6 19. Nf4 Rd8 20. cxd5 Qxd3 21. Nxd3 Rxd5 22.
b4 a6 23. a4 Bf8 24. Nc5 Nxc5 25. Bxd5 Nxa4 26. Bf3 Nb6 27. d5 cxd5 28. Rbc1 Re8
29. b5 a5 30. Rd1 a4 31. Bxd5 Nxd5 32. Rxd5 a3 33. Ra2 b6 34. Kf1 Bc5 35. Rxc5 bxc5
36. Rxa3 c4 37. Ra4 Re5 38. Rb4 c3 39. Ke2 Rd5 40. Rc4 Rxb5 41. Rxc3  1/2-1/2

[Event "36th Reykjavik op"]
[Site "Reykjavik ISL"]
[Date "2023.03.30"]
[Round "3.14"]
[White "Tari, Aryan"]
[Black "Carlsson, Ludvig"]
[WhiteElo "2649"]
[BlackElo "2375"]
[Result "1-0"]
[EventDate "2023.03.29"]
[PlyCount "119"]

1. c4 e6 2. Nc3 d5 3. d4 c5 4. cxd5 exd5 5. Nf3 Nc6 6. g3 Nf6 7. a3 Be7 8. Bg2 c4
9. Bg5 O-O 10. e3 Be6 11. Bxf6 Bxf6 12. Ng1 Qd7 13. Nge2 Bg5 14. h4 Bh6 15. b3 Na5
16. Nc1 Rac8 17. b4 Nc6 18. Bf3 f5 19. N1e2 Kh8 20. Rb1 Ne7 21. Qa4 Qxa4 22. Nxa4
b6 23. Nac3 Rfd8 24. b5 Ng8 25. Nf4 Bxf4 26. gxf4 Nf6 27. a4 Ra8 28. Kd2 a5 29. bxa6
Rxa6 30. Rb4 h6 31. Rhb1 Rd6 32. Bd1 Ne4+ 33. Nxe4 fxe4 34. Bc2 Bd7 35. Rg1 Kg8 36.
Kc3 Ra5 37. Rg3 Kf7 38. h5 b5 39. Rb1 Rb6 40. f3 exf3 41. Rxf3 Raa6 42. Rg3 Kf8 43.
axb5 Rxb5 44. Rxb5 Bxb5 45. Bg6 Bd7 46. Kb4 Rc6 47. e4 dxe4 48. Bxe4 Rf6 49. Kxc4
Rxf4 50. Kd5 Be8 51. Ke5 Rf6 52. d5 Bxh5 53. d6 Bf7 54. Bf5 Be8 55. Ra3 h5 56. Be6
Rf1 57. Ra8 Re1+ 58. Kf4 Rf1+ 59. Kg3 Rg1+ 60. Kh2  1-0

[Event "36th Reykjavik op"]
[Site "Reykjavik ISL"]
[Date "2023.03.30"]
[Round "3.15"]
[White "Can, Emre"]
[Black "Bjorn, Thorfinnsson"]
[WhiteElo "2600"]
[BlackElo "2369"]
[Result "1-0"]
[EventDate "2023.03.29"]
[PlyCount "73"]

1. d4 Nf6 2. c4 e6 3. Nf3 c5 4. d5 d6 5. Nc3 exd5 6. cxd5 g6 7. h3 Bg7 8. e4 O-O
9. Bd3 b5 10. Nxb5 Re8 11. O-O Nxe4 12. Bxe4 Rxe4 13. Bg5 Qb6 14. Nc3 Re8 15. Re1
Bd7 16. Ne4 Kh8 17. Bf6 Bxf6 18. Nxf6 Rxe1+ 19. Qxe1 Qxb2 20. Ne4 f5 21. Rb1 Qg7
22. Nxd6 Na6 23. Qa5 Nb4 24. Qxc5 Nxa2 25. Rb7 Kg8 26. Qc7 Nc3 27. Qxd7 Qxd7 28.
Rxd7 Nxd5 29. Nb5 Nf6 30. Rxa7 Rxa7 31. Nxa7 h6 32. Nc6 Kg7 33. Kf1 Nd5 34. g3 Kf6
35. Ke2 g5 36. Kd3 h5 37. h4  1-0

[Event "36th Reykjavik op"]
[Site "Reykjavik ISL"]
[Date "2023.03.30"]
[Round "3.16"]
[White "Throstur, Thorhallsson"]
[Black "Erdos, Viktor"]
[WhiteElo "2392"]
[BlackElo "2587"]
[Result "1/2-1/2"]
[EventDate "2023.03.29"]
[PlyCount "122"]

1. e4 e5 2. Nf3 Nc6 3. Bc4 Nf6 4. d3 Bc5 5. c3 O-O 6. O-O d5 7. exd5 Nxd5 8. a4 a5
9. Re1 Bg4 10. Nbd2 Nb6 11. Ne4 Nxc4 12. Nxc5 Nd6 13. h3 Bh5 14. g4 Bg6 15. Nxe5
Nxe5 16. Rxe5 b6 17. Nb3 Nc4 18. Re1 Qxd3 19. Qxd3 Bxd3 20. Bf4 Nxb2 21. Ra2 Nc4
22. Bxc7 Rac8 23. Bf4 Rfe8 24. Rd1 Be2 25. Rd4 h5 26. gxh5 Bxh5 27. Ra1 Re6 28. Nd2
Nb2 29. Rd5 Be2 30. Re5 Rxc3 31. Rxe6 fxe6 32. Be3 Rc2 33. Nb3 Nc4 34. Nd4 Nxe3 35.
fxe3 Rb2 36. Nxe6 Bc4 37. Nd4 Bd5 38. Rc1 Rg2+ 39. Kf1 Ra2 40. Rc8+ Kh7 41. Rb8 Bg2+
42. Ke1 Bxh3 43. Rxb6 Bg4 44. Rb5 Rxa4 45. Rg5 Bd7 46. Nb3 Ra3 47. Nxa5 Rxe3+ 48.
Kf2 Rc3 49. Nb7 Bc6 50. Nd6 g6 51. Rg3 Rc2+ 52. Ke3 Rc5 53. Nf7 Rf5 54. Ng5+ Kh6
55. Nh3 Ra5 56. Nf4 g5 57. Nh3 g4 58. Nf2 Ra3+ 59. Kf4 Rf3+ 60. Rxf3 Bxf3 61. Nxg4+
Bxg4  1/2-1/2

[Event "36th Reykjavik op"]
[Site "Reykjavik ISL"]
[Date "2023.03.30"]
[Round "3.17"]
[White "Dziuba, Marcin"]
[Black "Song, Julien"]
[WhiteElo "2554"]
[BlackElo "2348"]
[Result "1/2-1/2"]
[EventDate "2023.03.29"]
[PlyCount "91"]

1. d4 Nf6 2. c4 e6 3. Nf3 d5 4. Nc3 c5 5. e3 dxc4 6. Bxc4 a6 7. O-O b5 8. Be2 Bb7
9. dxc5 Bxc5 10. Qxd8+ Kxd8 11. Nd2 Nbd7 12. Nb3 Ke7 13. Na5 Rab8 14. Nxb7 Rxb7 15.
Bd2 Rc7 16. b4 Bd6 17. a4 Nd5 18. Nxd5+ exd5 19. axb5 axb5 20. Ra5 Rc2 21. Rd1 Rxd2
22. Rxd2 Bxb4 23. Rda2 Bxa5 24. Rxa5 b4 25. Bd1 Rb8 26. Bb3 Kd6 27. Rxd5+ Kc6 28.
Rd1 Nc5 29. Bxf7 b3 30. Bd5+ Kc7 31. h4 b2 32. Ba2 Na4 33. Rd4 b1=Q+ 34. Bxb1 Rxb1+
35. Kh2 Nc5 36. g4 Ne6 37. Rd2 Rb6 38. Kg3 Rd6 39. Ra2 Rd1 40. f4 Kd6 41. Ra6+ Ke7
42. Ra7+ Rd7 43. Ra5 Rd1 44. Ra7+ Rd7 45. Ra5 Rd1 46. Ra7+  1/2-1/2

[Event "36th Reykjavik op"]
[Site "Reykjavik ISL"]
[Date "2023.03.30"]
[Round "3.18"]
[White "Papp, Gabor"]
[Black "Griffith, Kyron"]
[WhiteElo "2544"]
[BlackElo "2342"]
[Result "1/2-1/2"]
[EventDate "2023.03.29"]
[PlyCount "80"]

1. e4 c5 2. Nf3 d6 3. d4 cxd4 4. Nxd4 Nf6 5. Nc3 a6 6. Bg5 e6 7. f4 Be7 8. Qf3 Qc7
9. O-O-O Nbd7 10. g4 h6 11. Bxf6 Bxf6 12. h4 Nb6 13. Be2 Bd7 14. g5 Bxd4 15. Rxd4
O-O-O 16. Rhd1 hxg5 17. hxg5 Bc6 18. Qg4 Kb8 19. g6 Nc8 20. Bc4 Rdf8 21. gxf7 Qxf7
22. Ne2 d5 23. exd5 exd5 24. Bxd5 Bxd5 25. Rxd5 Nb6 26. R5d3 Qxa2 27. Ra3 Qc4 28.
Nd4 Nd5 29. Rb3 Rf7 30. f5 Rc8 31. Qg3+ Ka8 32. Kb1 Rfc7 33. Qd3 Qxd3 34. Rbxd3 Nb4
35. R3d2 Rf7 36. c3 Nc6 37. Nxc6 Rxc6 38. Rd7 Rxd7 39. Rxd7 g6 40. fxg6 Rxg6  1/2-1/2

[Event "36th Reykjavik op"]
[Site "Reykjavik ISL"]
[Date "2023.03.30"]
[Round "3.19"]
[White "Maze, Sebastien"]
[Black "Papadiamandis, Elliot"]
[WhiteElo "2542"]
[BlackElo "2323"]
[Result "1/2-1/2"]
[EventDate "2023.03.29"]
[PlyCount "70"]

1. c4 Nf6 2. Nc3 e5 3. Nf3 Nc6 4. e4 Bc5 5. Nxe5 Qe7 6. Nxc6 dxc6 7. d3 Ng4 8. d4
Qf6 9. Be3 Nxe3 10. fxe3 Be7 11. Qf3 Qg5 12. Be2 Be6 13. O-O O-O-O 14. c5 h5 15.
Rad1 Rhf8 16. b4 f5 17. e5 Qh6 18. b5 Bg5 19. bxc6 Bxe3+ 20. Kh1 Bxd4 21. cxb7+ Kb8
22. Nb5 Bxc5 23. Nxc7 Kxc7 24. Rc1 Kb8 25. Rxc5 Qd2 26. Rb1 Rd5 27. Qa3 Rxc5 28.
Qxc5 Rd8 29. Rc1 Qd7 30. Bf3 g5 31. h4 g4 32. Rd1 Qe8 33. Rc1 Qd7 34. Rd1 Qe8 35.
Rc1 Qd7  1/2-1/2

[Event "36th Reykjavik op"]
[Site "Reykjavik ISL"]
[Date "2023.03.30"]
[Round "3.20"]
[White "Gretarsson, Hjoervar Steinn"]
[Black "Gaal, Zsoka"]
[WhiteElo "2538"]
[BlackElo "2320"]
[Result "1-0"]
[EventDate "2023.03.29"]
[PlyCount "67"]

1. c4 Nf6 2. Nc3 e6 3. Nf3 d5 4. d4 c5 5. cxd5 cxd4 6. Qxd4 exd5 7. e3 Nc6 8. Qd1
Be7 9. Be2 O-O 10. O-O a6 11. b3 Be6 12. Bb2 h6 13. Rc1 Rc8 14. Nd4 Nxd4 15. Qxd4
Bc5 16. Qd3 Qe7 17. Bf3 Rfd8 18. Na4 Ba7 19. Rxc8 Rxc8 20. Rd1 Rd8 21. g3 Nd7 22.
Qc3 Nf6 23. Qd3 Nd7 24. Bd4 Bb8 25. Nc3 Ne5 26. Bxe5 Bxe5 27. Nxd5 Qd6 28. Qc4 Qf8
29. Kg2 g6 30. Qh4 Kg7 31. Qe4 f6 32. Nf4 Bf7 33. Qxb7 Re8 34. Rd7  1-0

[Event "36th Reykjavik op"]
[Site "Reykjavik ISL"]
[Date "2023.03.30"]
[Round "3.21"]
[White "Heimisson, Hilmir Freyr"]
[Black "Dvirnyy, Danyyil"]
[WhiteElo "2351"]
[BlackElo "2531"]
[Result "1/2-1/2"]
[EventDate "2023.03.29"]
[PlyCount "62"]

1. d4 d5 2. c4 e6 3. Nc3 Nf6 4. Bg5 Be7 5. cxd5 exd5 6. e3 O-O 7. Bd3 h6 8. Bh4 c6
9. Nf3 Re8 10. O-O Ne4 11. Bxe7 Qxe7 12. Qc2 Bf5 13. Rab1 Nd7 14. b4 Ndf6 15. Ne5
a5 16. Nxe4 Bxe4 17. a3 axb4 18. axb4 Ra3 19. Rfc1 Bxd3 20. Nxd3 Ne4 21. Ra1 Rea8
22. Qb2 Rxa1 23. Rxa1 Qd8 24. Ra3 Nd6 25. Qa1 Rb8 26. h3 h5 27. Nc5 h4 28. Qd1 Ra8
29. Qa1 Rb8 30. Qd1 Ra8 31. Qa1 Rb8  1/2-1/2

[Event "36th Reykjavik op"]
[Site "Reykjavik ISL"]
[Date "2023.03.30"]
[Round "3.22"]
[White "Lie, Kjetil"]
[Black "Tamas, Gunes Ongut"]
[WhiteElo "2515"]
[BlackElo "2317"]
[Result "1-0"]
[EventDate "2023.03.29"]
[PlyCount "105"]

1. Nf3 Nf6 2. c4 g6 3. Nc3 Bg7 4. g3 O-O 5. Bg2 c5 6. O-O d5 7. cxd5 Nxd5 8. Nxd5
Qxd5 9. d3 Nc6 10. a3 Qh5 11. Rb1 Bh3 12. Bxh3 Qxh3 13. Be3 Qf5 14. Qa4 Rfc8 15.
Rfc1 Ne5 16. Nxe5 Qxe5 17. Rc2 a6 18. Rbc1 b5 19. Qg4 c4 20. dxc4 Rxc4 21. Rxc4 bxc4
22. Rxc4 h5 23. Qf3 Rd8 24. Rc2 Qe6 25. Bg5 Qa2 26. Kg2 Qb1 27. Qc6 Rd1 28. Rc1 Rxc1
29. Bxc1 a5 30. a4 Bf6 31. Bd2 Qxb2 32. Qa8+ Kg7 33. Qxa5 Qb7+ 34. f3 Qd7 35. Bc3
Qd1 36. Bxf6+ exf6 37. Qb5 Qd2 38. a5 g5 39. a6 Qe3 40. Qd3 Qc5 41. Qb3 Qa5 42. Qb7
Qe5 43. Qe4 Qa5 44. Qc4 Qa3 45. h4 gxh4 46. gxh4 Qa5 47. Qd3 Qa4 48. Qd6 Qa2 49.
Kf2 Qa5 50. Qc6 Qb4 51. Qc7 Qd4+ 52. Kg2 Qe3 53. Kf1  1-0

[Event "36th Reykjavik op"]
[Site "Reykjavik ISL"]
[Date "2023.03.30"]
[Round "3.23"]
[White "Stefansson, Hannes"]
[Black "Salles, Louis"]
[WhiteElo "2510"]
[BlackElo "2287"]
[Result "0-1"]
[EventDate "2023.03.29"]
[PlyCount "64"]

1. d4 d5 2. c4 c6 3. cxd5 cxd5 4. Bf4 Nc6 5. e3 Nf6 6. Nc3 Bf5 7. Qb3 Na5 8. Qa4+
Bd7 9. Qc2 e6 10. Bd3 Rc8 11. Nf3 Bb4 12. O-O Nh5 13. Be5 f6 14. Bxh7 Ke7 15. Nh4
Be8 16. Ng6+ Bxg6 17. Qxg6 Qe8 18. Qxe8+ Kxe8 19. Bg6+ Kd7 20. Bxh5 Rxh5 21. Bf4
Bxc3 22. bxc3 Rxc3 23. Rfc1 Rxc1+ 24. Rxc1 Nc4 25. g4 Rh8 26. g5 fxg5 27. Bxg5 b5
28. h4 a5 29. Kf1 b4 30. e4 a4 31. exd5 exd5 32. Rb1 Rb8  0-1

[Event "36th Reykjavik op"]
[Site "Reykjavik ISL"]
[Date "2023.03.30"]
[Round "3.24"]
[White "Hommer, Jeremy"]
[Black "Libiszewski, Fabien"]
[WhiteElo "2251"]
[BlackElo "2499"]
[Result "1/2-1/2"]
[EventDate "2023.03.29"]
[PlyCount "36"]

1. e4 e6 2. d4 d5 3. Bd3 c5 4. exd5 exd5 5. dxc5 Bxc5 6. Nf3 Nf6 7. O-O O-O 8. Nc3
Nc6 9. Bg5 Be6 10. Qd2 Re8 11. a3 Be7 12. Rfe1 h6 13. Bh4 a6 14. h3 Qb6 15. Na4 Qa7
16. Nc3 Qb6 17. Na4 Qa7 18. Nc3 Qb6  1/2-1/2

[Event "36th Reykjavik op"]
[Site "Reykjavik ISL"]
[Date "2023.03.30"]
[Round "3.25"]
[White "Shyaamnikhil, P."]
[Black "Dishman, Stephen"]
[WhiteElo "2477"]
[BlackElo "2274"]
[Result "1-0"]
[EventDate "2023.03.29"]
[PlyCount "119"]

1. e4 c5 2. Nf3 g6 3. c3 d5 4. exd5 Qxd5 5. d4 Bg7 6. Na3 cxd4 7. Nb5 Na6 8. Nbxd4
Nf6 9. Bb5+ Bd7 10. Qe2 O-O 11. O-O Nc7 12. Bc4 Qd6 13. Ne5 Nfd5 14. Nxd7 Qxd7 15.
Rd1 e6 16. Bg5 a6 17. Qf3 b5 18. Bb3 Qd6 19. Nc2 Qc5 20. h4 h6 21. Bd2 Rfd8 22. Ne3
Nf6 23. Nf1 Ncd5 24. Be1 Ra7 25. Rac1 Rad7 26. c4 Nb6 27. cxb5 Qxb5 28. Ne3 Nfd5
29. Nxd5 Nxd5 30. h5 g5 31. a4 Qb6 32. Bxd5 Rxd5 33. Rxd5 exd5 34. b4 Qe6 35. Qd3
d4 36. Bd2 Rc8 37. Rxc8+ Qxc8 38. Kf1 Qc6 39. b5 axb5 40. axb5 Qb6 41. Qc4 Qa7 42.
Qc8+ Bf8 43. Qa6 Qc5 44. Qc6 Qf5 45. b6 Qd3+ 46. Ke1 Qb1+ 47. Ke2 d3+ 48. Ke3 Qf1
49. b7 Qe2+ 50. Kd4 Bg7+ 51. Kc4 Be5 52. Qe8+ Kh7 53. Qxf7+ Kh8 54. Qe8+ Kh7 55.
Qg6+ Kh8 56. Qxh6+ Kg8 57. Qxg5+ Kh7 58. Qf5+ Kg8 59. Qg6+ Kh8 60. h6  1-0

[Event "36th Reykjavik op"]
[Site "Reykjavik ISL"]
[Date "2023.03.30"]
[Round "3.26"]
[White "Richter, Michael"]
[Black "Kolbus, Dietmar"]
[WhiteElo "2466"]
[BlackElo "2273"]
[Result "1/2-1/2"]
[EventDate "2023.03.29"]
[PlyCount "109"]

1. d4 d5 2. Nf3 Nf6 3. e3 e6 4. Bd3 Nbd7 5. O-O c5 6. b3 Be7 7. Bb2 O-O 8. Nbd2 b6
9. c4 Bb7 10. Rc1 Ne4 11. Qc2 f5 12. Rfd1 Rc8 13. Nf1 Qc7 14. Ng3 g6 15. cxd5 exd5
16. dxc5 bxc5 17. Be2 Bf6 18. Bxf6 Nexf6 19. b4 c4 20. Qc3 Rfe8 21. Qd4 Qb6 22. a4
Qxd4 23. Nxd4 a6 24. Bf1 Ne5 25. Rb1 Nc6 26. Nxc6 Rxc6 27. Ne2 Kf7 28. g3 Bc8 29.
Bg2 Be6 30. Nc3 Rd8 31. b5 axb5 32. Rxb5 Rcd6 33. a5 Ke7 34. Ra1 Ra6 35. Kf1 Rd7
36. Ke2 Kd8 37. h3 Kc8 38. Rab1 Rda7 39. Bxd5 Nxd5 40. Nxd5 Bxd5 41. Rxd5 Rxa5 42.
Rxa5 Rxa5 43. Rc1 Rc5 44. Kd2 Kd7 45. Kc3 Ke6 46. Rd1 h5 47. f4 Ra5 48. Kxc4 Ra2
49. Rg1 Rh2 50. h4 Rd2 51. Kc3 Ra2 52. Kd4 Rd2+ 53. Kc4 Rc2+ 54. Kd3 Ra2 55. Kd4
 1/2-1/2

[Event "36th Reykjavik op"]
[Site "Reykjavik ISL"]
[Date "2023.03.30"]
[Round "3.27"]
[White "Stefansson, Vignir Vatnar"]
[Black "Heurtebize, Olivier"]
[WhiteElo "2461"]
[BlackElo "2269"]
[Result "1-0"]
[EventDate "2023.03.29"]
[PlyCount "57"]

1. Nf3 d5 2. c4 e6 3. g3 Nf6 4. Bg2 Be7 5. d4 O-O 6. O-O b6 7. cxd5 exd5 8. Nc3 Bb7
9. Bf4 c5 10. Ne5 Nc6 11. dxc5 Nxe5 12. Bxe5 bxc5 13. Qb3 Bc6 14. Rfd1 c4 15. Qc2
Qa5 16. Bxf6 Bxf6 17. Bxd5 Rac8 18. Bxc6 Rxc6 19. Rd5 Qb6 20. Rad1 Qb8 21. Rd7 Re8
22. Nd5 h6 23. Nxf6+ Rxf6 24. Qxc4 Qxb2 25. Rd8 Qe5 26. R1d5 Qa1+ 27. Kg2 Rxd8 28.
Rxd8+ Kh7 29. Qe4+  1-0

[Event "36th Reykjavik op"]
[Site "Reykjavik ISL"]
[Date "2023.03.30"]
[Round "3.28"]
[White "Yankelevich, Lev"]
[Black "Hayes, Peter"]
[WhiteElo "2459"]
[BlackElo "2075"]
[Result "1-0"]
[EventDate "2023.03.29"]
[PlyCount "105"]

1. d4 d5 2. c4 c6 3. cxd5 cxd5 4. Bf4 Nc6 5. e3 Nf6 6. Nc3 a6 7. Be2 e6 8. Bd3 Bd7
9. h3 Rc8 10. a3 Na5 11. Nf3 Qb6 12. Rb1 Bb5 13. Nxb5 axb5 14. O-O Be7 15. Ne5 O-O
16. g4 Rfd8 17. Qf3 Nc4 18. g5 Nxe5 19. Bxe5 Nd7 20. Bf4 b4 21. axb4 Qxb4 22. h4
Bd6 23. h5 e5 24. dxe5 Bxe5 25. h6 Bxf4 26. exf4 Nc5 27. Bf5 Ne6 28. Rfd1 Rc6 29.
Bxe6 fxe6 30. hxg7 Kxg7 31. Qe3 d4 32. Qe5+ Kg8 33. Rd3 Qd6 34. Qe4 Qd5 35. Qxd5
Rxd5 36. Rbd1 Rc4 37. Kg2 Kg7 38. Kf3 Rb4 39. R1d2 Rdb5 40. Rxd4 Rxd4 41. Rxd4 Rxb2
42. Rd6 Kf7 43. Rd7+ Kg6 44. Re7 Rb6 45. Kg3 h6 46. Kg4 h5+ 47. Kh4 Rc6 48. Rxb7
Rc4 49. Kg3 e5 50. Rb6+ Kf5 51. Rf6+ Ke4 52. fxe5 Kxe5 53. f4+  1-0

[Event "36th Reykjavik op"]
[Site "Reykjavik ISL"]
[Date "2023.03.30"]
[Round "3.29"]
[White "Knaak, Rainer"]
[Black "Harish, Neeraj"]
[WhiteElo "2455"]
[BlackElo "2127"]
[Result "1-0"]
[EventDate "2023.03.29"]
[PlyCount "141"]

1. d4 d5 2. c4 e6 3. Nc3 Nf6 4. Nf3 Be7 5. Bf4 O-O 6. e3 Nbd7 7. cxd5 exd5 8. Bd3
c6 9. h3 Re8 10. O-O Nf8 11. Rb1 Ng6 12. Bh2 Bd6 13. Bxd6 Qxd6 14. Qc2 Be6 15. b4
a6 16. a4 Rac8 17. Rfc1 Nf8 18. b5 cxb5 19. axb5 a5 20. b6 N8d7 21. Qa4 Nxb6 22.
Qxa5 Nfd7 23. Nb5 Qb8 24. Qb4 Rc6 25. Rxc6 bxc6 26. Nd6 Rd8 27. Rc1 Qa8 28. Qc3 Nc8
29. Nxc8 Rxc8 30. Ng5 Nf6 31. Qc5 Qb7 32. Rb1 Qc7 33. Ba6 Rb8 34. Rxb8+ Qxb8 35.
Qxc6 Bd7 36. Qb7 Qd8 37. Bb5 Bxb5 38. Qxb5 h6 39. Nf3 Qa8 40. Nd2 Qa1+ 41. Kh2 g6
42. Qe2 Qb2 43. f3 Kg7 44. Qf2 Qb7 45. g4 Qc6 46. Kg2 Qb7 47. Nf1 Ne8 48. Qg3 f6
49. h4 Qe7 50. Qb8 Nd6 51. Qb3 Qe6 52. Ng3 f5 53. gxf5 Nxf5 54. Nxf5+ gxf5 55. Qc3
Kg6 56. Kf2 Kh5 57. Qc7 Kxh4 58. Qe5 Qc8 59. Qh2+ Kg5 60. Qg3+ Kf6 61. Qe5+ Kg5 62.
Qxd5 Qc2+ 63. Kg3 Qe2 64. Qg8+ Kf6 65. Kf4 Qh2+ 66. Qg3 Qb2 67. Qh4+ Kg6 68. Kg3
Qe2 69. Qe7 Qc4 70. Qe5 Kg5 71. e4  1-0

[Event "36th Reykjavik op"]
[Site "Reykjavik ISL"]
[Date "2023.03.30"]
[Round "3.30"]
[White "Sigurbjorn, Bjornsson"]
[Black "Mardov, Dimitar"]
[WhiteElo "2310"]
[BlackElo "2445"]
[Result "0-1"]
[EventDate "2023.03.29"]
[PlyCount "90"]

1. e4 e5 2. Nf3 Nc6 3. d4 exd4 4. Nxd4 Bb4+ 5. c3 Bc5 6. Nxc6 bxc6 7. Bd3 Ne7 8.
O-O O-O 9. Nd2 Ng6 10. Nb3 Bb6 11. Nd4 Qf6 12. Be3 Nf4 13. Bc2 Ba6 14. Re1 Ng6 15.
Qh5 Rae8 16. Rad1 h6 17. Nf5 Bxe3 18. Rxe3 d5 19. Rde1 dxe4 20. Rxe4 Rxe4 21. Rxe4
Rd8 22. Nd4 Bc4 23. Bb3 Bd5 24. Bxd5 cxd5 25. Re1 c5 26. Nf3 Qb6 27. b3 Qa5 28. Qg4
Qxc3 29. h4 Qf6 30. h5 Nf4 31. g3 Nd3 32. Re3 Qb2 33. Rxd3 Qb1+ 34. Ne1 Qxe1+ 35.
Kg2 d4 36. Qf5 Qb1 37. a4 Qe1 38. Rf3 Qe7 39. Rd3 Qb7+ 40. Kh2 Rd5 41. Qf3 Qd7 42.
Kg2 Qe6 43. Rd2 Rf5 44. Qe2 Qd5+ 45. f3 Rxh5  0-1

[Event "36th Reykjavik op"]
[Site "Reykjavik ISL"]
[Date "2023.03.30"]
[Round "3.32"]
[White "Gajewski, Grzegorz"]
[Black "Heldenbergh, Nils"]
[WhiteElo "2587"]
[BlackElo "2141"]
[Result "1-0"]
[EventDate "2023.03.29"]
[PlyCount "71"]

1. Nf3 d5 2. g3 Nf6 3. Bg2 c5 4. O-O Nc6 5. d4 e6 6. c4 dxc4 7. Qa4 Bd7 8. Qxc4 cxd4
9. Nxd4 Nxd4 10. Qxd4 Bc6 11. Bxc6+ bxc6 12. Qa4 Qd7 13. Rd1 Qb7 14. Na3 Be7 15.
Nc4 O-O 16. Bg5 Rfd8 17. Bxf6 Bxf6 18. Rxd8+ Rxd8 19. Rd1 Rxd1+ 20. Qxd1 g6 21. b3
Qc7 22. e3 Be7 23. Qd4 f6 24. Kf1 e5 25. Qd3 Kg7 26. g4 Qc8 27. Qe4 Qe6 28. Na5 Qd5
29. Qxd5 cxd5 30. Nc6 Bc5 31. b4 Bd6 32. Nxa7 Bxb4 33. a4 f5 34. gxf5 gxf5 35. Nc6
Bc5 36. Nxe5  1-0